| 000 | 00464 a2200181 4500 | ||
|---|---|---|---|
| 001 | 001558 | ||
| 003 | OSt | ||
| 005 | 20211102120649.0 | ||
| 008 | |||
| 082 |
_a338.5 _bR15P |
||
| 100 | 1 | _aRangarajan, C. | |
| 245 | 1 |
_aPrinciples of macroeconomics _cby C. Rangarajan and B.H. Dholakia |
|
| 260 |
_aNew Delhi _bTata McGraw Hill _c2009 |
||
| 300 | _a223p. | ||
| 690 | _aMacroeconomics | ||
| 700 | _aDholakia, B.H. | ||
| 942 |
_2ddc _cBK |
||
| 999 |
_c41 _d41 |
||